000 00399nam a22001457a 4500
005 20230118114003.0
008 210127b xxu||||| |||| 00| 0 eng d
020 _a9789381238172
041 _aeng
100 _aGOVERNMENT OF INDIA MINISTRY OF HEALTH FAMALY WELFARE
_96332
245 _aINDIA PHARMACOPOEIA 2018 [VOL-III]
260 _aGHAZIABAD
650 _aPHARMACY
_xD.PHARMA
_97090
942 _cBK
999 _c7436
_d7434